| 000 | 04184nam0a2200445 4500 | ||
|---|---|---|---|
| 001 | RU\NLR\BIBL_A\012903913 | ||
| 005 | 20260419200214.0 | ||
| 010 |
_a978-5-6046868-5-0 _9100 |
||
| 021 |
_aRU _bКН-П-22-054644 _9КН-П-22-4740 |
||
| 035 | _a(NLR Aleph) 012903913 | ||
| 035 | _a(RuMoRGB)011180437 | ||
| 090 |
_a13658452 _c13658452 |
||
| 100 | _a20221006d2021 k y0rusy50 ca | ||
| 101 | 0 | _arus | |
| 102 | _aRU | ||
| 105 | _aab z 100zy | ||
| 181 | 0 |
_ai3 _baxxe |
|
| 182 | 0 | _an | |
| 200 | 1 |
_aМинерально-сырьевая база металлов высоких технологий. Освоение, воспроизводство, использование _eВторая научно-практическая конференция, 7-8 декабря 2021 г. _eсборник докладов _fМинистерство природных ресурсов и экологии Российской Федерации, Федеральное агентство по недропользованию (РОСНЕДРА), Федеральное государственное бюджетное учреждение "Всероссийский научно-исследовательский институт минерального сырья им. Н. М. Федоровского" (ФГБУ "ВИМС") _gредактор: к. г.-м. н. Л. В. Спорыхина |
|
| 203 |
_aТекст _bвизуальный _cнепосредственный |
||
| 210 |
_aМосква _cВИМС _d2021 |
||
| 215 |
_a335 с. _cил., цв. ил., карты, табл. _d21 |
||
| 320 | _aБиблиогр. в конце докл. | ||
| 330 | _aВ сборнике представлены доклады участников конференции "Минерально-сырьевая база металлов высоких технологий. Освоение, воспроизводство, использование", состоявшейся 7-8 декабря 2021 г. в ФГБУ "ВИМС". Темы конференции, по которым опубликованы доклады: Минерально-сырьевая база, направления использования и конъюнктура рынка металлов высоких технологий, Геологоразведочные проекты на металлы высоких технологий, Перспективы освоения природных и техногенных объектов металлов высоких технологий, Передовые технологии добычи и переработки сырья | ||
| 606 | 1 |
_aМеталлургическая промышленность _xСырьевая база _jСъезды, совещания и т.п _2nlr_sh1 _2nlr_sh2 _3RU\NLR\AUTH\66372996 |
|
| 606 | 1 |
_aРедкие металлы _xМесторождения _jСъезды, совещания и т.п _2nlr_sh2 _3RU\NLR\AUTH\661351523 |
|
| 606 | 1 |
_aМинеральное сырье _xПереработка _jСъезды, совещания и т.п _2nlr_sh1 _2nlr_sh2 _3RU\NLR\AUTH\66743124 |
|
| 606 | 1 |
_aРедкие металлы _xИзвлечение _jСъезды, совещания и т.п _2nlr_sh2 _3RU\NLR\AUTH\6601742607 |
|
| 686 | 1 | _aУ30(0)55-553я431 | |
| 686 | 1 | _aЛ20я431 | |
| 686 | 1 | _aК345.1я431 | |
| 686 | 1 | _aД451.6я431 | |
| 702 | 1 |
_aСпорыхина _bЛ. В. _gЛидия Васильевна _4340 |
|
| 711 | 1 | 2 |
_a"Минерально-сырьевая база металлов высоких технологий. Освоение, воспроизводство, использование", научно-практическая конференция с международным участием _d2 _f2021 _eМосква _3RU\NLR\AUTH\880574044 |
| 712 | 0 | 2 |
_aВсероссийский НИИ минерального сырья им. Н. М. Федоровского _3RU\NLR\AUTH\8816860 _4557 |
| 942 | _cBOOK | ||
| 980 | _aNB | ||